| 000 | 00714nam a2200217Ia 4500 | ||
|---|---|---|---|
| 003 | GCL | ||
| 008 | 140319s9999 xx 000 0 ara d | ||
| 040 |
_aGCL / _cGCL |
||
| 082 | 0 | 4 |
_a771.5324 _bا ك |
| 100 | 1 | _aاحمد مصطفى | |
| 245 | 1 | 0 |
_aكيمياء التصويرالفوتوغرافى: للفيلم الابيض والاسود والفيلم الملون / _cاحمد مصطفى |
| 700 | 1 | _aايتون، جورج ت | |
| 700 | 1 | _aسعد عبدالرحمن قلج | |
| 300 | _a183 ص | ||
| 490 |
_aالالف كتاب _v0 |
||
| 650 | 0 | 4 | _aالتصوير الفوتوغرافى |
| 650 | 0 | 4 | _aالفنون |
| 650 | 0 | 4 | _aالافلام |
| 650 | 0 | 4 | _aالتصوير الضوئى |
| 942 |
_2ddc _cBK |
||
| 999 |
_c49831 _d49831 |
||